Quizzes
Events
Quiz Creation
Community
Videos
Private Events
Remove Ads
Sign In
Join for FREE
Feedback
Dark Mode
Quiz Categories
Sports
Geography
Music
Movies
Television
Just For Fun
Miscellaneous
History
Literature
Language
Science
Gaming
Entertainment
Religion
Holiday
For Kids
Quiz Lab
Recent
Popular Today
Quiz Kudos Today
Editor Picks
Curator Picks
Quizzes by...
Day
Popularity
Type
Ratings
Length
Year
Community
Subscriptions
Recent Discussions
Orange Saloon
Badges
Playlists
Quests
Create
Leaderboards
Showdown
Live 5
Trivia Bingo
Activity
Puzzle Library
Sporcle Events
Private Events
Virtual Trivia
Globe League
Become a Host
Pub Owners
SporcleCon
Opinionation
Our Games
Videos
Blog
Mobile Apps
Partnerships
Remove Ads and Go Orange
Feedback
Sports
Athletes
MLB
NBA
NHL
NFL
Soccer
Sports Teams
WWE
NCAA
Football
Premier League
Basketball
Baseball
Hockey
Golf
Tennis
Cricket
Rugby
Auto Racing
Olympics
World Cup
Sports
Athletes
MLB
NBA
NHL
NFL
Soccer
Sports Teams
WWE
NCAA
Football
Premier League
Basketball
Baseball
Hockey
Golf
Tennis
Cricket
Rugby
Auto Racing
Olympics
World Cup
Random Quiz
Search Sporcle
×
Quiz Lab
Quiz Lab
Sports
Baseball
Type in answers that appear in a list
Type in answers that appear in a list
Classic
Best Score? Go Orange.
Most Games Played - Angels (2000s) Stats
Can you name the players with the most games played at each position for the Los Angeles Angels (2000-2009)?
By
ironsij0287
6m
45 Questions
346 Plays
346 Plays
346 Plays
Comments
Comments
Give Quiz Kudos
Give Quiz Kudos
-
- Ratings
hide this ad
Replay
Link that replays current quiz
Next Quiz
Link to next quiz in quiz playlist
You Got
0%
They Got
Avg Score
65%
Avg Friend Score
Upgrade to see
Score Distribution
Jump to the score distribution portion of the page
Score
0/45
Timer
06:00
0
Plays Today
Position
Player
% Correct
Catcher
Bengie Molina
95.4%
Catcher
Jose Molina
95.4%
Right Field
Vladimir Guerrero
94.2%
Designated Hitter
Vladimir Guerrero
94.2%
Left Field
Garret Anderson
93.6%
Center Field
Garret Anderson
93.6%
Designated Hitter
Garret Anderson
93.6%
Third Base
Troy Glaus
92.8%
Right Field
Tim Salmon
89%
Designated Hitter
Tim Salmon
89%
Shortstop
David Eckstein
87.3%
Catcher
Mike Napoli
84.4%
Center Field
Torii Hunter
84.4%
First Base
Darin Erstad
82.9%
Left Field
Darin Erstad
82.9%
Center Field
Darin Erstad
82.9%
Second Base
Chone Figgins
80.6%
Third Base
Chone Figgins
80.6%
Center Field
Chone Figgins
80.6%
Second Base
Adam Kennedy
80.3%
Second Base
Howie Kendrick
80.1%
First Base
Kendry Morales
78.3%
Shortstop
Erick Aybar
73.4%
Position
Player
% Correct
Catcher
Jeff Mathis
70.8%
Second Base
Maicer Izturis
68.8%
Third Base
Maicer Izturis
68.8%
Shortstop
Maicer Izturis
68.8%
Shortstop
Orlando Cabrera
65.9%
Right Field
Bobby Abreu
63.9%
First Base
Scott Spiezio
62.4%
Left Field
Juan Rivera
62.4%
First Base
Casey Kotchman
59.5%
Center Field
Gary Matthews
47.4%
Designated Hitter
Brad Fullmer
43.1%
Left Field
Reggie Willits
38.4%
Left Field
Jose Guillen
34.1%
Third Base
Dallas McPherson
32.9%
First Base
Robb Quinlan
27.5%
Third Base
Robb Quinlan
27.5%
Second Base
Benji Gil
25.1%
Shortstop
Benji Gil
25.1%
Right Field
Jeff DaVanon
24.6%
Right Field
Orlando Palmeiro
13.6%
Designated Hitter
Shawn Wooten
10.7%
Catcher
Jorge Fabregas
9%
Quiz Playlist
Details
Report
Send in Message
Add To Playlist
Classic:
Type in answers that appear in a list
Quiz Source
Last Updated: Feb 16, 2017
Quiz Scoreboard
CHALLENGE
Sign Up to Join the Scoreboard
Show All
Scores
Hide
Comments
May contain spoilers
Recently Published
1-10 Letter E Words III
by El_Dandy
Language
2m
One Thing in Common: World Cities II
by knightlancer
Geography
7m
Popular People in 1961
by mucciniale
History
6m
More to Explore
Quiz From the Vault
Featured Blog Post
Where Did the Easter Bunny Come From?
hide this ad
You Might Also Like...
Tags
Baseball Quiz
MLB Quiz
2000s
Los Angeles Angels
Today's Top Quizzes in Sports
Browse Sports
hide this ad
Today's Top Quizzes in Baseball
Browse Baseball
Top Contributed Quizzes in Sports
1
Les meilleurs buteurs des matchs entre le PSG et l’OM
2
Les entraîneurs de l'OM et du PSG au 21e siècle
3
FIFA Club World Cup Champions
4
2022 World Cup Stars
5
Name the Premier League winners with different clubs
6
La finale Lions - Afrique du Sud 2021
7
Criteria MLB: Left Handed Sluggers
8
Players with Multiple 50 Home Run Seasons
9
MLB Players with Two .350 Batting Average Seasons
10
MLB Hall of Famer by Rings
Explore More
Trending Topics
Harry Potter
Anime
Crossword
NBA
Disney
Kpop
Marvel
Pokémon
NFL
Soccer
Puzzle
WWE
Song
Country
The Office
hide this ad
More By:
ironsij0287
Quiz
Plays
Rating
Category
Featured
Created
Alphabetical US States
366,608
4.51
Geography
Sep 9, 2009
NBA Western Scoring Leaders (2000s)
315,048
4.60
Sports
Oct 3, 2010
MLB Home Run Leaders (1990s)
260,130
4.51
Sports
Aug 26, 2009
Beers of the World
255,887
4.10
Miscellaneous
Aug 4, 2009
NBA Eastern Scoring Leaders (2000s)
203,040
4.52
Sports
Oct 3, 2010
Go to Creator's Profile
Score Distribution
Quiz Creator Spotlight
ironsij0287
Follow
Send a Message
Quizzes Created
-
Created Quiz Play Count
-
More By This Creator
Popular Quizzes Today
1
Find the US States - No Outlines Minefield
2
Find the Countries of Europe - No Outlines Minefield
3
The Countries of the World
4
Popular People in 1961
5
1-10 Letter E Words III
6
Find the US States
7
One Thing in Common: World Cities II
8
US States
More Sports Quizzes
Solskjaer's Premier League Defeated XI's
Quiz Lab
Trending Quizzes
Risky Map Clicking: Least Populous States A-Z
1-10 Letter F Words
1-10 Letter G Words
One Thing in Common: United Kingdom
Risky Map Clicking: Biggest States A-Z
Recently Updated
Leaping Animals
pecheneg
Reality TV Shows (A-Z)
bhenderson79
Rickey Henderson's Hall of Fame Teammates
pecheneg
Champions League XIs: Arsenal
pecheneg
Quick Pick: Celebrities in WWE's Hall of Fame
aduchscher
A-Z Keypad Blitz II
pecheneg
Multiple Oscar Actors
pecheneg
Mystery Phrase Blitz: Oscar 'Best Actors'
pecheneg
F. Scott Fitzgerald Novels
LTH
Pick 3 Villains
ddd62291
Trending Topics
Crossword
Marvel
NBA
Anime
Kpop
Harry Potter
Disney
Song
Soccer
Puzzle
The Office
Pokémon
NFL
Country
WWE
Your Account Isn't Verified!
In order to create a playlist on Sporcle, you need to verify the email address you used during registration. Go to your
Sporcle Settings
to finish the process.
Report this User
Report this user for behavior that violates our
Community Guidelines
.
Details:
Send Report
Go to the Sporcle.com Mobile Site →
Comments